00793nam a2200229 a 4500001001000000005001700010008004100027041000800068044000800076050002200084100004000106245004300146260003600189300004600225500009500271500000800366650004200374902000800416942001100424999001500435952011300450BRCA_461920190320204735.0270910s1924----enka######---#000-0#eng-# aeng aenk 4aNK2795b.B42 19241 aBeaumunt, Robertsd1862-192491169310aCarpets and Rugscby Roberts Beaumont. aLondresbScott, Greenwoodc1924 axv, 410 p.bil. (algunas a color)c25 cm. aIncluye índice de las ilustraciones, apéndice, lista de cuadros e índice analítico aD3414aAlfombras y tapetesxTécnica911694 aGFM 2lcccB c4324d4324 00104070aBRCAbBRCAd2010-09-27iD34l0oNK2795 .B42 1924 (D34)p4617r2019-03-22 00:00:00w2019-03-22yB